Ekonomická analýza v investičných zámeroch
Porovnanie alternatív - na základe ich ekvivalentných nákladov, ktoré sa vypočítavajú úrokami. Využitie úrokových metód. Vplyv inflácie na ekonomické zhodnotenie. Príklady.
Gespeichert in:
| 1. Verfasser: | |
|---|---|
| Format: | Buchkapitel |
| Sprache: | Slowakisch |
| Schlagworte: | |
| Tags: |
Keine Tags, Fügen Sie das erste Tag hinzu!
|
MARC
| LEADER | 00000naa a2200000 4500 | ||
|---|---|---|---|
| 001 | r024908 | ||
| 005 | 20221129133917.7 | ||
| 041 | 0 | |a slo | |
| 044 | |a CZ | ||
| 245 | 1 | 0 | |a Ekonomická analýza v investičných zámeroch |c S. Grega |
| 520 | |a Porovnanie alternatív - na základe ich ekvivalentných nákladov, ktoré sa vypočítavajú úrokami. Využitie úrokových metód. Vplyv inflácie na ekonomické zhodnotenie. Príklady. | ||
| 610 | 2 | 0 | |a investície |
| 610 | 2 | 0 | |a analýza ekonomická |
| 610 | 2 | 0 | |a náklady |
| 610 | 2 | 0 | |a miera úroková |
| 610 | 2 | 0 | |a úrok |
| 610 | 2 | 0 | |a zhodnotenie majetku |
| 610 | 2 | 0 | |a inflácia |
| 100 | 1 | |a Grega, S. | |